Statistics for Random NFL Facts

Click here to take the quiz!

General Stats

  • This quiz has been taken 19 times
  • The average score is 4 of 15

Answer Stats

HintAnswer% Correct
Length of the Longest Field Goal Made66 Yards
100%
Tom Brady Draft Pick Number199
73%
Player Who Lived in the Bengals Stadium for Two YearsChad Johnson
45%
Super Bowl VIII ChampionsMiami Dolphins
45%
2009 NFL MVPPeyton Manning
36%
Oldest Current Player in the LeagueJason Peters
27%
Arthur Smith's New TeamPittsburgh Steelers
27%
Most Total Points Scored in the NFL by a single playerAdam Vinatieri
18%
Madden 07 Cover PlayerShaun Alexander
18%
2024 NFL Fan of the YearTom Grossi
9%
Only NFL Player to Die on the FieldChuck Hughes
0%
2021 NFL Draft Mr. IrrelevantGrant Stuard
0%
NFL QB who has their own variety of Orange Mango BodyArmorJoe Burrow
0%
NFL Player Temporarily Blinded by a Referee's FlagOrlando Brown
0%
Super Bowl XXXVII Halftime Show PerformerShania Twain
0%

Score Distribution

Percentile by Number Answered

Percent of People with Each Score

Your Score History

You have not taken this quiz